STN EN 10079: 1998 (42 0044) [neplatná], Definície oceľových výrobkov
Norma je identická s EN 10079: 1992
| Corporate Authors: | , |
|---|---|
| Other Authors: | |
| Format: | Book |
| Language: | Slovak English French German |
| PhysicalDescription: | 40 s. obr., tab. 30 cm |
| Published: |
Bratislava
Slovenský ústav technickej normalizácie
1998
|
| Subjects: |
MARC
| LEADER | 00000cam a2200000 a 4500 | ||
|---|---|---|---|
| 001 | vtls001347684 | ||
| 003 | SK-MaSNL | ||
| 005 | 20260301070256.0 | ||
| 008 | 130606s1998 xo a f u 00000 slo | ||
| 020 | |c cen. skup. 13 | ||
| 035 | |a SNK000300950 | ||
| 040 | |a SNK |b slo |c SNK |e AACR2 | ||
| 041 | 1 | |a slo |a eng |a fre |a ger |h [eng] | |
| 044 | |a xo |c SK | ||
| 046 | |a m |m 199810 (účin.) |n 200708 (zruš.) | ||
| 072 | 7 | |a 669 |x Metalurgia |2 konspekt | |
| 080 | |a 669.14 |2 2001 | ||
| 080 | |a 001.4 |2 2001 | ||
| 080 | |a 006.72 |2 2001 | ||
| 080 | |a (4)CEN |2 2001 | ||
| 080 | |a (437.6) |2 2001 | ||
| 080 | |a (083.742) |2 2001 | ||
| 084 | |a 77.140.80 |2 ICS | ||
| 130 | 0 | |a STN 42 0044 (STN EN 10079) [neplatná] |9 386240 | |
| 245 | 1 | 0 | |a STN EN 10079: 1998 (42 0044) [neplatná], Definície oceľových výrobkov |
| 246 | 3 | 0 | |a EN 10079: 1992 |
| 246 | 1 | 0 | |a Definície oceľových výrobkov |
| 260 | |a Bratislava |b Slovenský ústav technickej normalizácie |c 1998 | ||
| 300 | |a 40 s. |b obr., tab. |c 30 cm | ||
| 500 | |a Od 1.10.1998 nahrádza STN 42 0044 z 22.10.1970, STN 42 0045 zo 16.11.1990 a STN 42 0046 z 23.5.1973 v celom rozsahu | ||
| 500 | |a Od 1.8.2007 je v celom rozsahu nahradená STN EN 10079 z augusta 2007 | ||
| 500 | |a Spracovateľ: COMAL-consulting Bratislava, Matej Bílý | ||
| 504 | |a Citované a obdobné normy a súvisiace právne predpisy: s. 1. | ||
| 520 | 8 | |a Norma je identická s EN 10079: 1992 | |
| 540 | |a STN vydané na akomkoľvek nosiči sa môžu rozmnožovať a rozširovať iba so súhlasom určenej právnickej osoby |b SÚTN Bratislava |c zákon 264/1999 Z.z. | ||
| 546 | |a Príloha D obsahuje zoznam pojmov aj v anglickom, francúzskom a nemeckom jazyku | ||
| 650 | 0 | 7 | |a oceľové výrobky |2 SVKBBPH |9 74128 |
| 650 | 0 | 7 | |a technické normy a štandardy |z Slovensko |2 SNKPH |9 79594 |
| 650 | 0 | 7 | |a technické normy a štandardy |z krajiny Európskej únie |2 SVKBBPH |9 289341 |
| 655 | 7 | |a normy |2 SNKPH |9 70643 | |
| 700 | 1 | |a Bílý, Matej |4 trl |9 274721 | |
| 710 | 2 | |a COMAL-consulting (Bratislava, Slovensko) |9 297337 | |
| 710 | 2 | |a Slovenský ústav technickej normalizácie (Bratislava, Slovensko). |b Technická normalizačnná komisai č. 45 Oceľ, hliník a neželezné kovy |9 386241 | |
| 730 | |a STN 42 0045: 1990 |g neplatná od 1.10.1998 |9 386242 | ||
| 730 | |a STN 42 0046: 1973 |g neplatná od 1.10.1998 |9 386243 | ||
| 774 | 1 | 8 | |t STN EN 10079: 2007 |d Bratislava : Slovenský ústav technickej normalizácie, 2007 |w vtls009802381 |
| 958 | |a OP | ||
| 958 | |a NB | ||
| 999 | |c 633763 |d 635693 | ||
| 952 | |t P60, <03>, [BOOK], {603} |a SNK |b SNK |y PREZ |7 0 |p 17A0165617 |o snkSTN EN 10079 |i snkN 984/98 |0 0 |1 0 |4 0 |d 1998-11-05 |l 0 |r 2005-01-02 00:00:00 |w 2026-02-23 | ||
| 952 | |t P60, <04>, [BOOK], {604} |a SNK |b SNK |y VYP |7 0 |p 17A0165616 |o snkSTN EN 10079 D1 |i snkN 985/98 |0 0 |1 0 |4 0 |d 1998-11-05 |l 0 |r 2005-01-02 00:00:00 |w 2026-02-23 | ||


